| 000 | 00530cam a2200193ua 4500 | ||
|---|---|---|---|
| 001 | 7495 | ||
| 008 | 141211n ii |||gr||||Z||||||ben | ||
| 040 | _cMAIN | ||
| 041 | _aben | ||
| 082 | _a891.4403 | ||
| 100 |
_aBandyopadhyay, H., _eCompilor. |
||
| 245 | 1 |
_aBangiya sabdakosh : _b1st vol. / _cCompiled by Haricharan Bandyopadhyay . |
|
| 250 | _a1st. | ||
| 260 |
_aNew Delhi: _bSahitya akademi, _c1966. |
||
| 300 | _a1244p. | ||
| 653 | _aEast Indo-European & Celtic literatures | ||
| 653 | _aBengali dictionary | ||
| 942 | _cBK | ||
| 999 |
_c6618 _d6618 |
||